000
00314 a2200145 4500
001
47952
040
_c
Anchieta - Aquarius
100
_a
Lage, Tarcísio
240
1
0
_a
O Leão Praxedes
_l
por
245
1
0
_a
O Leão Praxedes
300
_a
15
362
0
_a
2009
650
4
_a
Literatura infanto-juvenil
942
_c
BK
999
_c
47952
_d
47952